| 000 | 00998 am a22003018a 4500 | ||
|---|---|---|---|
| 001 | 012029826 | ||
| 005 | 20140302113420.0 | ||
| 008 | 921015s1992 xxkak grb 001 0 eng d | ||
| 020 | _a1852932007 | ||
| 020 | _a0470219300 (USA) | ||
| 020 | _a9781852932008 | ||
| 040 |
_aUk _cUk |
||
| 043 | _ae------ | ||
| 082 | 0 | 4 |
_a339.47094 _222 _bHAL |
| 100 | 1 |
_aHallsworth, A. G. _q(Alan G.), _935067 _d1947- |
|
| 245 | 1 | 4 |
_aThe new geography of consumer spending : _ba political economy approach / _cAlan G. Hallsworth. |
| 250 | _a1st ed. | ||
| 260 |
_aLondon : _bBelhaven Press ; _aNew York, United States : _bHalsted Press, _c1992. |
||
| 300 |
_aviii, 199 p. : _bforms, tables ; _c24 cm. |
||
| 500 | _aIndex : p. 196-199. | ||
| 504 | _aBibliography : p 181-195. | ||
| 650 | 0 |
_aConsumption (Economics) _935068 _zEurope |
|
| 650 | 0 |
_aFinance _zEurope _935069 |
|
| 650 | 0 |
_aRetail trade _zEurope _935070 |
|
| 653 |
_bBUSECO _cFebruary2014 |
||
| 655 |
_vreading book _934232 |
||
| 942 |
_2ddc _k339.47094 HAL |
||
| 999 |
_c18026 _d17998 |
||